000 00746pam a2200265 a 4500
003 OSt
005 20150901160651.0
008 890907s1990 nyua b 001 0 eng
010 _a 89027382
020 _a0471619973 :
040 _aSEKU
050 0 0 _aHD 31
_b.C6
100 _aCollins, Eliza G. C.
245 0 4 _aThe Portable MBA
_c[edited by] Eliza G.C. Collins, Mary Anne Devanna.
260 _aNew York :
_bWiley,
_c1990.
300 _axii, 386 p. :
_bill. ;
_c26 cm.
504 _aIncludes bibliographical references.
650 0 _aIndustrial management.
650 0 _aMarketing.
650 0 _aAccounting.
650 0 _aPersonnel management.
700 1 _aDevanna, Mary Anne.
740 0 _aPortable M.B.A.
942 _2lcc
_cGEN
999 _c5059
_d5059